000 00691nam a2200217Ia 4500
003 GCL
008 140319s9999 xx 000 0 ara d
040 _aGCL /
_cGCL
082 0 4 _aق
_b378.962
_bر ت
100 1 _aرؤوف عباس احمد
245 1 0 _aتاريخ جامعة القاهرة /
_cرؤوف عباس احمد
260 _a[S.N] :
_bالهيئة المصرية العامة للكتاب ،
_c1994
300 _a222 ص
490 _aسلسلة تاريخ المصريين
_v0
650 0 4 _aمصر
650 0 4 _aتاريخ
650 0 4 _aالتعليم العالى
650 0 4 _aالتعليم الجامعى
650 0 4 _aجامعة القاهرة
942 _2ddc
_cBK
999 _c36336
_d36336